Central Library OPAC University of Rajshahi

A Guide to graduate study : (Record no. 50719)

MARC details
000 -LEADER
fixed length control field 01391cas a2200361u 4500
001 - CONTROL NUMBER
control field 50719
003 - CONTROL NUMBER IDENTIFIER
rucl marc code BD-RjUL
005 - DATE AND TIME OF LATEST TRANSACTION
control field 20211209075543.0
008 - FIXED-LENGTH DATA ELEMENTS--GENERAL INFORMATION
fixed length control field 160828s1957 dcu x 0 a0eng u
035 ## - SYSTEM CONTROL NUMBER
System control number (OCoLC)252745828
System control number (OCoLC)ocn252745828
System control number (BD-RjUL)50839
System control number (BD-RjUL)
System control number (NNC)4485926
040 ## - CATALOGING SOURCE
Transcribing agency DI
Modifying agency MnMULS
-- NNUT
-- CStRLIN
Original cataloging agency BD-RjUL
Language of cataloging eng
041 ## - LANGUAGE CODE
Language code of text/sound track or separate title eng
082 ## - DEWEY DECIMAL CLASSIFICATION NUMBER
Edition number 23
Classification number 378.155
Author mark and year GUI 1957
090 ## - LOCALLY ASSIGNED LC-TYPE CALL NUMBER (OCLC); LOCAL CALL NUMBER (OCLC)
Classification number (OCLC) (R) ; Classification number, CALL (RLIN) (NR) LB2371
Local cutter number (OCLC) ; Book number/undivided call number, CALL (RLIN) .A4
245 02 - TITLE STATEMENT
Title A Guide to graduate study :
Remainder of title programs leading to the Ph.D. degree. /
246 10 - VARYING FORM OF TITLE
Title proper/short title Programs leading to the Ph.D. degree
260 ## - PUBLICATION, DISTRIBUTION, ETC. (IMPRINT)
Place of publication, distribution, etc. Washington :
Name of publisher, distributor, etc. American Council on Education,
Date of publication, distribution, etc. 1957
300 ## - PHYSICAL DESCRIPTION
Pagination 335 P. ;
Size 26 cm.
525 ## - SUPPLEMENT NOTE
Supplement note "Major fields for graduate study leading to the Ph.D. degree; a supplement" published in 1958 by the American Council on Education and inserted in the 1st ed.
550 ## - ISSUING BODY NOTE
Issuing body note First ed. issued by the Association of American Colleges.
650 #0 - SUBJECT ADDED ENTRY--TOPICAL TERM
Topical term or geographic name as entry element Universities and colleges
General subdivision Graduate work.
9 (RLIN) 151850
Topical term or geographic name as entry element Doctor of philosophy degree.
9 (RLIN) 151851
710 2# - ADDED ENTRY--CORPORATE NAME
Corporate name or jurisdiction name as entry element American Council on Education.
9 (RLIN) 151852
Corporate name or jurisdiction name as entry element Association of American Colleges.
9 (RLIN) 151853
770 1# - SUPPLEMENT/SPECIAL ISSUE ENTRY
Main entry heading American Council on Education.
Title Major fields for graduate study leading to the Ph.D. degree,
Related parts 1958.
942 ## - ADDED ENTRY ELEMENTS (KOHA)
Source of classification or shelving scheme Dewey Decimal Classification
Koha item type Books
Holdings
Lost status Source of classification or shelving scheme Damaged status Not for loan Collection code Permanent Location Current Location Shelving location Date acquired Source of acquisition Total Checkouts Full call number Date last seen Copy number Koha item type
  Dewey Decimal Classification     Non-fiction Central Library, University of Rajshahi Central Library, University of Rajshahi   10/01/1962 Law Book company   378.155 GUI 1957 28/08/2016 C-2 Books